Statystyki dla Ubrania na literę H

Kliknij tutaj aby rozwiązać quiz!

Ogólne statystyki

  • Ten quiz został rozwiązany 16 razy
  • Średni wynik to 1 z 6

Statystyki odpowiedzi

Ubranie% Poprawnych
halka
47%
hełm
27%
habit
20%
halówki
13%
hidżab
13%
hiszpanka
13%

Rozkład punktacji

Percentyl według liczby udzielonych odpowiedzi

Procent ludzi z każdym wynikiem

Twoja historia wyników

Nie rozwiązałeś tego quizu